|
|
|
|
| LEADER |
02489nam a2200445 a 4500 |
| 001 |
0020475 |
| 003 |
BD-DhAAL |
| 008 |
100629s2007 nyuab b 001 0 eng d |
| 010 |
|
|
|a 2005052751
|
| 020 |
|
|
|a 9780716767664
|
| 020 |
|
|
|a 0716787245
|
| 020 |
|
|
|a 9780716787242
|
| 040 |
|
|
|a DLC
|c DLC
|d BAKER
|d UKM
|d C#P
|d VAM
|d VET
|d IXA
|d COO
|d DLC
|d BD-DhAAL
|
| 082 |
0 |
0 |
|a 572
|2 22
|
| 100 |
1 |
|
|a Berg, Jeremy Mark.
|9 57798
|
| 245 |
1 |
0 |
|a Biochemistry /
|c Jeremy M. Berg, John L. Tymoczko, Lubert Stryer.
|
| 250 |
|
|
|a Sixth edition.
|
| 260 |
|
|
|a New York :
|b W.H. Freeman,
|c c2007.
|
| 300 |
|
|
|a 1 v. (various pagings) :
|b ill. (some col.), col. maps ;
|c 29 cm
|
| 500 |
|
|
|a Rev. ed. of: Biochemistry / Lubert Stryer.
|
| 504 |
|
|
|a Includes bibliographical references and index.
|
| 526 |
|
|
|a MNS
|x Professor Naiyyum Choudhury
Department of Mathematics and Natural Sciences
BRAC University
Course No. : BCH 101
|
| 541 |
1 |
|
|e 0020475, 0020781, 0020782
|a Trim Educaion
|
| 650 |
|
0 |
|a Biochemistry.
|
| 650 |
|
2 |
|a Biochemistry
|
| 650 |
|
2 |
|a Proteins
|
| 650 |
|
2 |
|a DNA
|
| 650 |
|
2 |
|a RNA
|
| 650 |
|
2 |
|a Genes
|
| 700 |
1 |
|
|a Tymoczko, John L.,
|d 1948-
|9 57799
|
| 700 |
1 |
|
|a Stryer, Lubert.
|
| 700 |
1 |
|
|a Stryer, Lubert.
|t Biochemistry.
|9 57801
|
| 852 |
4 |
|
|a Ayesha Abed Library
|c General Stacks
|
| 942 |
0 |
0 |
|0 3
|2 ddc
|c BK
|
| 999 |
|
|
|c 9107
|d 9107
|
| 952 |
|
|
|0 0
|1 0
|2 ddc
|4 0
|6 572_BER_200700000000000
|7 0
|9 11342
|a BRACUL
|b BRACUL
|c GEN
|d 2010-06-29
|l 26
|m 175
|o 572 BER
|p 3010020475
|r 2020-01-02
|s 2019-12-12
|t 1
|w 2010-06-29
|y BK
|
| 952 |
|
|
|0 0
|1 4
|2 ddc
|4 0
|6 572_000000000000000_BER
|7 0
|9 11343
|a BRACUL
|b BRACUL
|c GEN
|d 2010-06-29
|l 0
|o 572 BER
|p 3010020476
|r 2010-06-29
|t 2
|w 2010-06-29
|y BK
|x Koha Inventory 2020
|
| 952 |
|
|
|0 0
|1 0
|2 ddc
|4 0
|6 572_BER_200700000000000
|7 0
|9 11344
|a BRACUL
|b BRACUL
|c GEN
|d 2010-06-29
|l 18
|m 158
|o 572 BER
|p 3010020477
|r 2024-10-01
|s 2024-09-18
|t 3
|w 2010-06-29
|y BK
|
| 952 |
|
|
|0 0
|1 0
|2 ddc
|4 0
|6 572_BER_200700000000000
|7 0
|9 11626
|a BRACUL
|b BRACUL
|c GEN
|d 2010-08-18
|e Trim Education
|g 5780.00
|l 26
|m 220
|o 572 BER
|p 3010020782
|r 2024-06-05
|s 2024-05-07
|t 5
|v 11560.00
|w 2010-08-18
|y BK
|x Requisitioned by Naiyyum Choudhury (Professor, Department of Biotechnology, BRAC University) for the course no.- BCH 101
|
| 952 |
|
|
|0 0
|1 0
|2 ddc
|4 0
|6 572_BER_200700000000000
|7 0
|9 11627
|a BRACUL
|b BRACUL
|c GEN
|d 2010-08-18
|e Trim Education
|g 5780.00
|l 19
|m 96
|o 572 BER
|p 3010020781
|r 2024-09-25
|s 2024-09-18
|t 4
|v 11560.00
|w 2010-08-18
|y BK
|x Requisitioned by Naiyyum Choudhury (Professor, Department of Biotechnology, BRAC University) for the course no.- BCH 101
|